[Event "NB I. Maroczy csoport"]
[Site "Kecskemet"]
[Date "2024.04.07"]
[Round "9.7"]
[White "Havasi, Janos"]
[Black "Varasdy, Imre"]
[Result "1/2-1/2"]
[WhiteElo "2012"]
[BlackElo "2203"]
[PlyCount "95"]
[EventDate "2023.10.08"]
[EventType "team-tourn"]
[EventRounds "11"]
[EventCountry "HUN"]
[Source "chess.hu"]
[WhiteTeam "Vasas SC"]
[BlackTeam "Neumann J. Egyetem"]
[WhiteTeamCountry "HUN"]
[BlackTeamCountry "HUN"]

1. e4 g6 2. Nc3 Bg7 3. g3 d6 4. Bg2 c5 5. d3 Nc6 6. Be3 Rb8 7. Qd2 b5 8. f4 b4
9. Nd1 Qc7 10. Nf3 e6 11. O-O Nge7 12. c3 O-O 13. Nf2 Rd8 14. g4 bxc3 15. bxc3
d5 16. Qc2 Qa5 17. Bd2 dxe4 18. dxe4 Ba6 19. Rfb1 Bc4 20. a4 Rb6 21. Rxb6 axb6
22. Rb1 Qa6 23. f5 Rd7 24. Ne1 Ne5 25. Bg5 h6 26. Be3 g5 27. Qb2 Nc8 28. Qc2
Bf6 29. Rd1 Rxd1 30. Qxd1 Be2 31. Qb3 Nxg4 32. Nxg4 Bxg4 33. h3 Be2 34. fxe6
Bc4 35. exf7+ Bxf7 36. Qc2 Qc4 37. Bd2 Bg6 38. Qd3 Qe6 39. Qd5 Kf7 40. Qb7+ Ne7
41. Nf3 Bxe4 42. Ne5+ Qxe5 43. Qxe4 Qxe4 44. Bxe4 Ke6 45. Kf2 c4 46. Kf3 h5 47.
Bb7 Nd5 48. Ke4 1/2-1/2

[Event "NB I. Maroczy csoport"]
[Site "Kecskemet"]
[Date "2024.04.07"]
[Round "9.8"]
[White "Czegledi, Zsolt"]
[Black "Pesztericz, Laszlo"]
[Result "1/2-1/2"]
[WhiteElo "2150"]
[BlackElo "2055"]
[PlyCount "103"]
[EventDate "2023.10.08"]
[EventType "team-tourn"]
[EventRounds "11"]
[EventCountry "HUN"]
[Source "chess.hu"]
[WhiteTeam "Neumann J. Egyetem"]
[BlackTeam "Vasas SC"]
[WhiteTeamCountry "HUN"]
[BlackTeamCountry "HUN"]

1. d4 Nf6 2. c4 g6 3. Nc3 Bg7 4. e4 d6 5. f3 O-O 6. Be3 Nc6 7. Nge2 a6 8. g4
Rb8 9. a4 Bd7 10. Rb1 e5 11. d5 Nb4 12. Qd2 c6 13. Ng3 cxd5 14. cxd5 Qa5 15.
Ra1 b5 16. Be2 bxa4 17. O-O Qc7 18. Rfc1 Qb7 19. Nxa4 Rfc8 20. Nb6 Rxc1+ 21.
Rxc1 Bh6 22. Bxh6 Qxb6+ 23. Be3 Qb7 24. Nf1 a5 25. Bg5 Ne8 26. Ne3 Na2 27. Rb1
Bb5 28. Bc4 Nb4 29. Rc1 Qb6 30. Kg2 Qd4 31. Qxd4 exd4 32. Bxb5 dxe3 33. Bxe8
Rxe8 34. Bxe3 f5 35. Rc4 fxe4 36. fxe4 Nxd5 37. Bd2 Nf6 38. Bxa5 Nxe4 39. Rd4
Kf7 40. Bb4 Re6 41. Kf3 Ng5+ 42. Kf4 Nh3+ 43. Kg3 Ng5 44. h4 Ne4+ 45. Kf4 Nc5
46. Bxc5 dxc5 47. Rd7+ Kg8 48. Rc7 Rb6 49. Kg5 h5 50. Rxc5 hxg4 51. Rc2 g3 52.
h5 1/2-1/2

[Event "NB I. Maroczy csoport"]
[Site "Kecskemet"]
[Date "2024.04.07"]
[Round "9.9"]
[White "Gyurkovics, Miklos"]
[Black "Lehocz, Jozsef Jr"]
[Result "0-1"]
[WhiteElo "1985"]
[BlackElo "2171"]
[PlyCount "66"]
[EventDate "2023.10.08"]
[EventType "team-tourn"]
[EventRounds "11"]
[EventCountry "HUN"]
[Source "chess.hu"]
[WhiteTeam "Vasas SC"]
[BlackTeam "Neumann J. Egyetem"]
[WhiteTeamCountry "HUN"]
[BlackTeamCountry "HUN"]

1. g3 f5 2. Nf3 Nf6 3. d4 g6 4. h4 Bg7 5. h5 Nxh5 6. Rxh5 gxh5 7. e4 O-O 8. e5
d6 9. Bc4+ e6 10. Bg5 Qe8 11. Nc3 a6 12. a4 Nc6 13. Qe2 Qg6 14. Bf4 d5 15. Bd3
Rd8 16. Bg5 Nxd4 17. Bxd8 Nxe2 18. Nxe2 Qg4 19. Nd2 Bxe5 20. f4 Bd6 21. O-O-O
Qg7 22. Nf3 Bd7 23. Bg5 h6 24. Bh4 c5 25. c4 Bxa4 26. Re1 Bc6 27. Nc3 d4 28.
Rxe6 dxc3 29. Rxd6 cxb2+ 30. Kb1 Bxf3 31. Bxf5 Re8 32. Bf6 Qc7 33. Be5 Qxd6 0-1

[Event "NB I. Maroczy csoport"]
[Site "Kecskemet"]
[Date "2024.04.07"]
[Round "9.10"]
[White "Csala, Imre"]
[Black "Szabo, Kristof"]
[Result "1/2-1/2"]
[WhiteElo "1990"]
[BlackElo "2111"]
[PlyCount "69"]
[EventDate "2023.10.08"]
[EventType "team-tourn"]
[EventRounds "11"]
[EventCountry "HUN"]
[Source "chess.hu"]
[WhiteTeam "Neumann J. Egyetem"]
[BlackTeam "Vasas SC"]
[WhiteTeamCountry "HUN"]
[BlackTeamCountry "HUN"]

1. d4 d6 2. e4 Nf6 3. Nc3 g6 4. Bc4 c6 5. Qe2 Bg7 6. Nf3 O-O 7. h3 b5 8. Bd3
Nbd7 9. e5 Ne8 10. O-O Nb6 11. Bg5 d5 12. b3 Nc7 13. Qe3 a5 14. a4 b4 15. Ne2
Ne6 16. Bh6 Ba6 17. Rac1 Nd7 18. Bxg7 Kxg7 19. h4 Qb6 20. h5 c5 21. h6+ Kg8 22.
Bxa6 Rxa6 23. dxc5 Qxc5 24. Qd3 Rb6 25. c4 d4 26. Nexd4 Nxe5 27. Nxe5 Qxe5 28.
Nxe6 Rxe6 29. Rfe1 Qf4 30. c5 Qxh6 31. c6 Qf4 32. Qd7 Re2 33. Rxe2 Qxc1+ 34.
Kh2 Qh6+ 35. Kg1 1/2-1/2

[Event "NB I. Maroczy csoport"]
[Site "Kecskemet"]
[Date "2024.04.07"]
[Round "9.11"]
[White "Kis, Bela"]
[Black "Lehocz, Jozsef"]
[Result "1-0"]
[WhiteElo "1890"]
[BlackElo "1990"]
[PlyCount "61"]
[EventDate "2023.10.08"]
[EventType "team-tourn"]
[EventRounds "11"]
[EventCountry "HUN"]
[Source "chess.hu"]
[WhiteTeam "Vasas SC"]
[BlackTeam "Neumann J. Egyetem"]
[WhiteTeamCountry "HUN"]
[BlackTeamCountry "HUN"]

1. d4 Nf6 2. c4 e6 3. Nf3 d5 4. Nc3 c5 5. cxd5 Nxd5 6. e3 cxd4 7. exd4 Bb4 8.
Bd2 Nc6 9. Bd3 O-O 10. O-O b6 11. Qc2 Bxc3 12. bxc3 h6 13. Qb2 Qf6 14. Be4 Ba6
15. Rfe1 Rad8 16. Qc1 Bc4 17. Ng5 Rfe8 18. Bh7+ Kh8 19. Bb1 Kg8 20. Nh7 Qh4 21.
Re4 Qh5 22. g3 g5 23. Nxg5 hxg5 24. Bxg5 f6 25. Bd2 Rd7 26. Qe1 Rde7 27. Rh4
Qf3 28. Be4 Qe2 29. Qc1 f5 30. Bh6 f4 31. Bxd5 1-0

[Event "NB I. Maroczy csoport"]
[Site "Kecskemet"]
[Date "2024.04.07"]
[Round "9.12"]
[White "Balazs-Szalai, Renata"]
[Black "Harkanyi, Gergely"]
[Result "1/2-1/2"]
[WhiteElo "1908"]
[BlackElo "1950"]
[PlyCount "46"]
[EventDate "2023.10.08"]
[EventType "team-tourn"]
[EventRounds "11"]
[EventCountry "HUN"]
[Source "chess.hu"]
[WhiteTeam "Neumann J. Egyetem"]
[BlackTeam "Vasas SC"]
[WhiteTeamCountry "HUN"]
[BlackTeamCountry "HUN"]

1. e4 c6 2. c4 d5 3. exd5 cxd5 4. cxd5 Nf6 5. Nc3 Nxd5 6. Nf3 Nc6 7. Bb5 Qd6 8.
d4 Bg4 9. O-O e6 10. h3 Bh5 11. Re1 Be7 12. Re5 Nf6 13. Bg5 Bxf3 14. Qxf3 O-O
15. Bxc6 Qxc6 16. Qxc6 bxc6 17. Rd1 Rfd8 18. Re2 Rd7 19. Red2 Rad8 20. Kf1 h6
21. Be3 Nd5 22. Nxd5 Rxd5 23. Ke2 Bf6 1/2-1/2

[Event "NB I. Maroczy csoport"]
[Site "Szeged"]
[Date "2024.04.07"]
[Round "9.1"]
[White "Stanciu, Alexandru-Ovidiu"]
[Black "Stankovic, Milos"]
[Result "1/2-1/2"]
[WhiteElo "2370"]
[BlackElo "2464"]
[PlyCount "27"]
[EventDate "2023.10.08"]
[EventType "team-tourn"]
[EventRounds "11"]
[EventCountry "HUN"]
[Source "chess.hu"]
[WhiteTeam "Pitypalatty Sakk SE"]
[BlackTeam "Maroczy SE I."]
[WhiteTeamCountry "HUN"]
[BlackTeamCountry "HUN"]

1. d4 Nf6 2. Nf3 e6 3. g3 d5 4. Bg2 h6 5. O-O Bd6 6. b3 O-O 7. Ba3 Qe7 8. Qc1
Nc6 9. c4 Bxa3 10. Qxa3 Rd8 11. Rc1 Qe8 12. Qb2 b6 13. Na3 Bb7 14. cxd5 1/2-1/2

[Event "NB I. Maroczy csoport"]
[Site "Szeged"]
[Date "2024.04.07"]
[Round "9.2"]
[White "Palkovi, Jozsef"]
[Black "Leszko, Bence"]
[Result "1/2-1/2"]
[WhiteElo "2376"]
[BlackElo "2201"]
[PlyCount "60"]
[EventDate "2023.10.08"]
[EventType "team-tourn"]
[EventRounds "11"]
[EventCountry "HUN"]
[Source "chess.hu"]
[WhiteTeam "Maroczy SE I."]
[BlackTeam "Pitypalatty Sakk SE"]
[WhiteTeamCountry "HUN"]
[BlackTeamCountry "HUN"]

1. e4 e5 2. Nf3 Nc6 3. Bb5 a6 4. Ba4 d6 5. O-O Bg4 6. h3 h5 7. Bxc6+ bxc6 8. d3
Qf6 9. Nbd2 g5 10. Re1 Bd7 11. Nf1 g4 12. hxg4 Bxg4 13. N1h2 Bh6 14. d4 Bxc1
15. dxe5 dxe5 16. Qxc1 Ne7 17. Qg5 Qxg5 18. Nxg5 Rg8 19. Ngf3 f6 20. Re3 O-O-O
21. Ne1 Ng6 22. Nd3 Nf4 23. Nxg4 Rxg4 24. g3 Ne6 25. Kg2 h4 26. Rh1 Rdg8 27.
Rh3 Nf4+ 28. Nxf4 exf4 29. Rf3 fxg3 30. fxg3 Rxg3+ 1/2-1/2

[Event "NB I. Maroczy csoport"]
[Site "Szeged"]
[Date "2024.04.07"]
[Round "9.4"]
[White "Nestorovic, Lazar"]
[Black "Daroczi, Donat"]
[Result "1-0"]
[WhiteElo "2309"]
[BlackElo "2182"]
[PlyCount "55"]
[EventDate "2023.10.08"]
[EventType "team-tourn"]
[EventRounds "11"]
[EventCountry "HUN"]
[Source "chess.hu"]
[WhiteTeam "Maroczy SE I."]
[BlackTeam "Pitypalatty Sakk SE"]
[WhiteTeamCountry "HUN"]
[BlackTeamCountry "HUN"]

1. e4 e6 2. d4 d5 3. e5 c5 4. c3 Nc6 5. Nf3 Qb6 6. Be2 cxd4 7. cxd4 Nge7 8. Na3
Nf5 9. Nc2 Bb4+ 10. Kf1 Be7 11. h4 h5 12. Bd3 Bd7 13. g3 O-O-O 14. Bxf5 exf5
15. Bg5 Qxb2 16. Kg2 Qc3 17. Re1 Kb8 18. Re3 Qc4 19. Nd2 Qa4 20. Bxe7 Nxe7 21.
Ra3 Qc6 22. Rb1 Rh6 23. Nb4 Qc8 24. Nb3 Rb6 25. Nc5 Nc6 26. Nxd5 Rxb1 27. Qxb1
Ka8 28. Nb6+ 1-0

[Event "NB I. Maroczy csoport"]
[Site "Szeged"]
[Date "2024.04.07"]
[Round "9.5"]
[White "Zambor, Norbert"]
[Black "Papp, Bence"]
[Result "1/2-1/2"]
[WhiteElo "2221"]
[BlackElo "2278"]
[PlyCount "123"]
[EventDate "2023.10.08"]
[EventType "team-tourn"]
[EventRounds "11"]
[EventCountry "HUN"]
[Source "chess.hu"]
[WhiteTeam "Pitypalatty Sakk SE"]
[BlackTeam "Maroczy SE I."]
[WhiteTeamCountry "HUN"]
[BlackTeamCountry "HUN"]

1. e4 e5 2. Nf3 Nf6 3. Nxe5 d6 4. Nf3 Nxe4 5. Nc3 Nxc3 6. dxc3 Be7 7. Be3 O-O
8. Qd2 Nd7 9. O-O-O Nf6 10. Kb1 c5 11. c4 b5 12. h4 Qb6 13. Ng5 Rb8 14. cxb5 a6
15. a4 axb5 16. Bxb5 Bd7 17. c4 Bf5+ 18. Ka2 Qa7 19. b3 h6 20. f3 d5 21. g4 Bd7
22. Nxf7 Rxf7 23. g5 Bxb5 24. cxb5 d4 25. Bf4 Rxb5 26. gxf6 Rxf6 27. Qe2 Rb4
28. Bd2 d3 29. Qxd3 Rxa4+ 30. bxa4 Qxa4+ 31. Qa3 Qc4+ 32. Qb3 Ra6+ 33. Kb2 Bf6+
34. Bc3 Bxc3+ 35. Kc2 Ra2+ 36. Qxa2 Qxa2+ 37. Kxc3 Qa3+ 38. Kc4 Qb4+ 39. Kd5 c4
40. h5 c3 41. Rc1 Kf7 42. Ke5 Qc4 43. f4 Qd3 44. Ra1 Qe3+ 45. Kd5 Kf6 46. Kc4
Kf5 47. Kb3 Qd2 48. Rac1 Qb2+ 49. Kc4 c2 50. Kd3 Qb3+ 51. Kd4 Kg4 52. Rcg1+
Kxf4 53. Rf1+ Kg5 54. Rfg1+ Kf6 55. Re1 Kf7 56. Rhf1+ Kg8 57. Rh1 Qf3 58. Ref1
Qe2 59. Kc3 g5 60. hxg6 h5 61. Re1 Qf2 62. Rhg1 1/2-1/2

[Event "NB I. Maroczy csoport"]
[Site "Szeged"]
[Date "2024.04.07"]
[Round "9.6"]
[White "Zakarias, David"]
[Black "Rat, Dan-Ovidiu"]
[Result "1-0"]
[WhiteElo "2309"]
[BlackElo "2216"]
[PlyCount "87"]
[EventDate "2023.10.08"]
[EventType "team-tourn"]
[EventRounds "11"]
[EventCountry "HUN"]
[Source "chess.hu"]
[WhiteTeam "Maroczy SE I."]
[BlackTeam "Pitypalatty Sakk SE"]
[WhiteTeamCountry "HUN"]
[BlackTeamCountry "HUN"]

1. d4 d5 2. c4 e6 3. Nc3 Nf6 4. cxd5 exd5 5. Bg5 Be7 6. Qc2 c6 7. e3 Bg4 8.
Nge2 Nbd7 9. f3 Be6 10. Nf4 Nf8 11. Bh4 Qd7 12. Nxe6 Nxe6 13. Bd3 g6 14. Bf2
Nh5 15. g4 Nhg7 16. O-O-O O-O-O 17. Kb1 Kb8 18. h4 h5 19. g5 Rhe8 20. Qd2 Bb4
21. a3 Bd6 22. Ne2 Nc7 23. e4 Bf8 24. Bc2 Rc8 25. Ng3 Red8 26. Be3 Nce6 27.
Rhf1 c5 28. exd5 Nxd4 29. Bxd4 cxd4 30. Be4 Bc5 31. Ne2 Nf5 32. Qf4+ Qd6 33.
Bxf5 gxf5 34. Qxd6+ Rxd6 35. Nf4 Rh8 36. Rfe1 Rd7 37. Re5 Bd6 38. Rxf5 Bxf4 39.
Rxf4 Rxd5 40. Rdxd4 Rxd4 41. Rxd4 Kc7 42. Rf4 Rh7 43. Rf6 Kd7 44. Rh6 1-0

[Event "NB I. Maroczy csoport"]
[Site "Szeged"]
[Date "2024.04.07"]
[Round "9.7"]
[White "Kovacs, Apollo"]
[Black "Tubak, Daniel"]
[Result "0-1"]
[WhiteElo "2139"]
[BlackElo "2216"]
[PlyCount "80"]
[EventDate "2023.10.08"]
[EventType "team-tourn"]
[EventRounds "11"]
[EventCountry "HUN"]
[Source "chess.hu"]
[WhiteTeam "Pitypalatty Sakk SE"]
[BlackTeam "Maroczy SE I."]
[WhiteTeamCountry "HUN"]
[BlackTeamCountry "HUN"]

1. d4 Nf6 2. Nf3 d5 3. Bf4 c5 4. e3 Nc6 5. Be2 Bf5 6. O-O h6 7. h3 e6 8. c3 c4
9. Ne5 Nxe5 10. dxe5 Nd7 11. Nd2 Nc5 12. b4 Nd3 13. Bg3 Be7 14. Nf3 O-O 15. Nd4
Bh7 16. f4 Be4 17. Kh2 a5 18. a3 Qb6 19. Qd2 Ra7 20. Rfb1 axb4 21. cxb4 Rfa8
22. Qc3 Nxe5 23. fxe5 Bxb1 24. Rxb1 Rxa3 25. Qc1 Bg5 26. Nc2 Bxe3 27. Qf1 Ra2
28. Bh5 g6 29. Bxg6 fxg6 30. Qf6 Bg5 31. Qxg6+ Kh8 32. h4 Rg8 33. Qh5 Be3 34.
Qe2 Rxc2 35. Qxc2 Qd4 36. Qe2 Rxg3 37. Kxg3 Qxe5+ 38. Kh3 Qf5+ 39. g4 Qxb1 40.
Qxe3 Qb3 0-1

[Event "NB I. Maroczy csoport"]
[Site "Szeged"]
[Date "2024.04.07"]
[Round "9.8"]
[White "Nagy, Daniel"]
[Black "Eberth, Zoltan Bela"]
[Result "1/2-1/2"]
[WhiteElo "2294"]
[BlackElo "1985"]
[PlyCount "34"]
[EventDate "2023.10.08"]
[EventType "team-tourn"]
[EventRounds "11"]
[EventCountry "HUN"]
[Source "chess.hu"]
[WhiteTeam "Maroczy SE I."]
[BlackTeam "Pitypalatty Sakk SE"]
[WhiteTeamCountry "HUN"]
[BlackTeamCountry "HUN"]

1. d4 d5 2. c4 e6 3. Nf3 c5 4. cxd5 exd5 5. Nc3 Nf6 6. g3 Nc6 7. Bg2 c4 8. Bg5
Be7 9. Ne5 Be6 10. O-O O-O 11. b3 Qa5 12. Nxc6 bxc6 13. Na4 Rab8 14. Bf4 Rb7
15. Qc2 g6 16. Bd2 cxb3 17. axb3 Qb5 1/2-1/2

[Event "NB I. Maroczy csoport"]
[Site "Szeged"]
[Date "2024.04.07"]
[Round "9.9"]
[White "Csizmadia, Csenger"]
[Black "Tesik, Csaba"]
[Result "0-1"]
[WhiteElo "1956"]
[BlackElo "2292"]
[PlyCount "68"]
[EventDate "2023.10.08"]
[EventType "team-tourn"]
[EventRounds "11"]
[EventCountry "HUN"]
[Source "chess.hu"]
[WhiteTeam "Pitypalatty Sakk SE"]
[BlackTeam "Maroczy SE I."]
[WhiteTeamCountry "HUN"]
[BlackTeamCountry "HUN"]

1. Nf3 Nf6 2. d4 g6 3. Nbd2 Bg7 4. e4 d6 5. h3 O-O 6. Bd3 Nc6 7. c3 e5 8. d5
Ne7 9. Nb1 h6 10. c4 Nd7 11. g4 f5 12. gxf5 gxf5 13. Rg1 f4 14. Nh4 Nc5 15. b4
Nxd3+ 16. Qxd3 Rf7 17. Qf3 Nxd5 18. Qh5 Nxb4 19. Na3 Nd3+ 20. Ke2 Nc5 21. f3
Rf6 22. Bd2 Be6 23. Nf5 Bxf5 24. exf5 Qd7 25. Nb5 c6 26. Rg4 Rxf5 27. Qxh6 cxb5
28. Rag1 Ne6 29. Rh4 Nd4+ 30. Kf2 Kf8 31. Rxg7 Qxg7 32. Qxd6+ Ke8 33. Rg4 Qf7
34. Rg6 Rd8 0-1

[Event "NB I. Maroczy csoport"]
[Site "Szeged"]
[Date "2024.04.07"]
[Round "9.10"]
[White "Kopasz, Robert"]
[Black "Pasztor, Lorant"]
[Result "1-0"]
[WhiteElo "2229"]
[BlackElo "1914"]
[PlyCount "35"]
[EventDate "2023.10.08"]
[EventType "team-tourn"]
[EventRounds "11"]
[EventCountry "HUN"]
[Source "chess.hu"]
[WhiteTeam "Maroczy SE I."]
[BlackTeam "Pitypalatty Sakk SE"]
[WhiteTeamCountry "HUN"]
[BlackTeamCountry "HUN"]

1. e4 Nf6 2. e5 Nd5 3. c4 Nb6 4. b3 d6 5. exd6 cxd6 6. Bb2 Nc6 7. Nf3 Bf5 8.
Be2 Qc7 9. Nc3 e6 10. O-O f6 11. Re1 a6 12. d4 O-O-O 13. d5 Ne7 14. dxe6 Bxe6
15. Nd4 Bd7 16. Rc1 Kb8 17. a4 Nc6 18. Nd5 1-0

[Event "NB I. Maroczy csoport"]
[Site "Szeged"]
[Date "2024.04.07"]
[Round "9.11"]
[White "Kacsandi, Lili Fruzsina"]
[Black "Kocsmar, Akos"]
[Result "0-1"]
[WhiteElo "1884"]
[BlackElo "2047"]
[PlyCount "28"]
[EventDate "2023.10.08"]
[EventType "team-tourn"]
[EventRounds "11"]
[EventCountry "HUN"]
[Source "chess.hu"]
[WhiteTeam "Pitypalatty Sakk SE"]
[BlackTeam "Maroczy SE I."]
[WhiteTeamCountry "HUN"]
[BlackTeamCountry "HUN"]

1. e4 c5 2. Nc3 e6 3. g3 d5 4. exd5 exd5 5. d4 Nf6 6. Bg2 Nc6 7. Nge2 cxd4 8.
Nxd4 Bg4 9. Qd3 Qd7 10. Bg5 Be7 11. h3 Be6 12. O-O-O O-O 13. g4 Nxg4 14. hxg4
Bxg5+ 0-1

[Event "NB I. Maroczy csoport"]
[Site "Szeged"]
[Date "2024.04.07"]
[Round "9.12"]
[White "Markus, Molli Amina"]
[Black "Solyom, Sandor"]
[Result "1/2-1/2"]
[WhiteElo "1932"]
[BlackElo "1790"]
[PlyCount "88"]
[EventDate "2023.10.08"]
[EventType "team-tourn"]
[EventRounds "11"]
[EventCountry "HUN"]
[Source "chess.hu"]
[WhiteTeam "Maroczy SE I."]
[BlackTeam "Pitypalatty Sakk SE"]
[WhiteTeamCountry "HUN"]
[BlackTeamCountry "HUN"]

1. Nf3 e6 2. c4 Nf6 3. g3 b6 4. Bg2 Bb7 5. O-O g6 6. b3 Bg7 7. Bb2 O-O 8. Nc3
c5 9. e3 d5 10. Qe2 Qe7 11. Rfd1 Rd8 12. cxd5 Nxd5 13. Nxd5 Bxd5 14. Bxg7 Kxg7
15. e4 Bb7 16. d4 cxd4 17. Nxd4 Nc6 18. Nxc6 Bxc6 19. e5 Bxg2 20. Kxg2 Rxd1 21.
Rxd1 Rd8 22. h4 Rxd1 23. Qxd1 Qc5 24. Qe2 b5 25. Qe4 a5 26. Qf4 Qd5+ 27. Kh2
Qd8 28. Kh3 b4 29. g4 Qd3+ 30. Kh2 Kg8 31. h5 Qd8 32. Kg3 gxh5 33. gxh5 Qd1 34.
Qg5+ Kf8 35. Kg2 Qd5+ 36. f3 Qd3 37. Qh6+ Ke7 38. Qf6+ Kf8 39. Kg3 Ke8 40. h6
Kf8 41. Kg4 Ke8 42. Qf4 Qg6+ 43. Kh4 Kd7 44. Qd2+ Ke8 1/2-1/2

[Event "NB I. Maroczy csoport"]
[Site "Budapest"]
[Date "2024.04.21"]
[Round "10.1"]
[White "Stankovic, Milos"]
[Black "Furedi, Erik"]
[Result "1-0"]
[WhiteElo "2464"]
[BlackElo "2285"]
[PlyCount "117"]
[EventDate "2023.10.08"]
[EventType "team-tourn"]
[EventRounds "11"]
[EventCountry "HUN"]
[Source "chess.hu"]
[WhiteTeam "Maroczy SE I."]
[BlackTeam "Vasas SC"]
[WhiteTeamCountry "HUN"]
[BlackTeamCountry "HUN"]

1. d4 f5 2. g3 d6 3. Bg2 Nf6 4. Nd2 e5 5. dxe5 dxe5 6. b3 Bc5 7. e3 O-O 8. Bb2
Qe7 9. Ngf3 f4 10. Nxe5 fxe3 11. fxe3 Nbd7 12. Nd3 Qxe3+ 13. Qe2 Re8 14. Qxe3
Rxe3+ 15. Kd1 Bf8 16. Nc4 Re8 17. Re1 Rd8 18. Kc1 Nc5 19. Nf4 c6 20. a4 Nd5 21.
Nxd5 cxd5 22. Ne3 d4 23. Nd5 d3 24. b4 Na6 25. Bc3 dxc2 26. Kxc2 Bf5+ 27. Kb2
Rd7 28. Re5 Bg6 29. Rae1 Bf7 30. Ne7+ Kh8 31. Rf1 Bc4 32. Rf4 Bxe7 33. Rxc4 Bf6
34. Rd5 Bxc3+ 35. Kxc3 Re7 36. b5 Nc7 37. Rdc5 Ne8 38. Rc8 Rxc8 39. Rxc8 Kg8
40. Bxb7 Kf7 41. Bd5+ Kf6 42. Kd4 Re1 43. Rc6+ Kf5 44. Bf3 Ra1 45. Be4+ Kg4 46.
Bc2 Ra2 47. Kc3 Kh3 48. Kb3 Ra1 49. Re6 Nf6 50. Re7 Kxh2 51. Rxa7 g5 52. b6 Re1
53. Rf7 Re3+ 54. Kb2 Nd5 55. b7 Re8 56. a5 Nb4 57. Kc3 Na6 58. Bd3 Nb8 59. a6
1-0

[Event "NB I. Maroczy csoport"]
[Site "Budapest"]
[Date "2024.04.21"]
[Round "10.2"]
[White "Torok, Sandor"]
[Black "Palkovi, Jozsef"]
[Result "0-1"]
[WhiteElo "2219"]
[BlackElo "2376"]
[PlyCount "116"]
[EventDate "2023.10.08"]
[EventType "team-tourn"]
[EventRounds "11"]
[EventCountry "HUN"]
[Source "chess.hu"]
[WhiteTeam "Vasas SC"]
[BlackTeam "Maroczy SE I."]
[WhiteTeamCountry "HUN"]
[BlackTeamCountry "HUN"]

1. e4 Nf6 2. e5 Nd5 3. d4 d6 4. c4 Nb6 5. exd6 cxd6 6. Nc3 g6 7. Be3 Bg7 8. Rc1
O-O 9. b3 Bf5 10. Bd3 Bxd3 11. Qxd3 d5 12. c5 Nc8 13. b4 a6 14. a4 Nc6 15. b5
axb5 16. axb5 Na5 17. Nf3 e6 18. h4 Ne7 19. h5 Nf5 20. hxg6 hxg6 21. Bg5 f6 22.
Ne5 fxg5 23. Qh3 Rf6 24. Qh7+ Kf8 25. Nxg6+ Rxg6 26. Qxg6 Qf6 27. Qh5 Nxd4 28.
O-O Nab3 29. Rcd1 Nf5 30. Nxd5 exd5 31. Rxd5 Nbd4 32. Rd7 Re8 33. Rxb7 Ne2+ 34.
Kh2 Nf4 35. Qh7 Qe5 36. c6 Nd6 37. Rd7 Nxb5 38. Re1 Ne2+ 39. g3 Qf6 40. f4 Nbd4
41. Qh5 gxf4 42. Rxd4 fxg3+ 43. Kh3 Qe6+ 44. Qg4 Bxd4 45. Qxe6 Rxe6 46. c7 Rc6
47. Rxe2 Bf2 48. Re6 Rxc7 49. Kg2 Kf7 50. Re4 Kf6 51. Re2 Kf5 52. Re8 Rf7 53.
Kf3 Kg5+ 54. Kg2 Kf4 55. Ra8 Rg7 56. Ra4+ Kf5 57. Ra3 Ke4 58. Rb3 Be3 0-1

[Event "NB I. Maroczy csoport"]
[Site "Budapest"]
[Date "2024.04.21"]
[Round "10.3"]
[White "Peczely, Sebastian Zsombor"]
[Black "Karacsony, Attila"]
[Result "0-1"]
[WhiteElo "2310"]
[BlackElo "2187"]
[PlyCount "58"]
[EventDate "2023.10.08"]
[EventType "team-tourn"]
[EventRounds "11"]
[EventCountry "HUN"]
[Source "chess.hu"]
[WhiteTeam "Maroczy SE I."]
[BlackTeam "Vasas SC"]
[WhiteTeamCountry "HUN"]
[BlackTeamCountry "HUN"]

1. e4 e5 2. d4 exd4 3. Qxd4 Nc6 4. Qe3 Nf6 5. Bd2 Bb4 6. Nc3 O-O 7. O-O-O Re8
8. Qg3 Nxe4 9. Nxe4 Rxe4 10. f3 Bxd2+ 11. Rxd2 Ra4 12. a3 d6 13. Bd3 Be6 14.
Ne2 Qf6 15. Kb1 Qh6 16. Rdd1 Ne5 17. Nc3 Ra5 18. Be4 c6 19. f4 Nc4 20. Bd3 Nb6
21. Ne4 Bd5 22. Ng5 g6 23. f5 Qg7 24. Qxd6 gxf5 25. h4 Na4 26. c3 Nxc3+ 27.
bxc3 Qxc3 28. Nf3 Be4 29. Rd2 Rb5+ 0-1

[Event "NB I. Maroczy csoport"]
[Site "Budapest"]
[Date "2024.04.21"]
[Round "10.4"]
[White "Jacso, Adam Dr"]
[Black "Nestorovic, Lazar"]
[Result "1-0"]
[WhiteElo "2217"]
[BlackElo "2309"]
[PlyCount "99"]
[EventDate "2023.10.08"]
[EventType "team-tourn"]
[EventRounds "11"]
[EventCountry "HUN"]
[Source "chess.hu"]
[WhiteTeam "Vasas SC"]
[BlackTeam "Maroczy SE I."]
[WhiteTeamCountry "HUN"]
[BlackTeamCountry "HUN"]

1. d4 Nf6 2. c4 g6 3. Nc3 Bg7 4. e4 d6 5. Nf3 O-O 6. Be2 Bg4 7. Be3 Na6 8. O-O
Nd7 9. Rc1 c5 10. d5 Bxf3 11. Bxf3 Nc7 12. Qd2 a6 13. a4 b6 14. Be2 Rb8 15. Bh6
Bxh6 16. Qxh6 e6 17. f4 exd5 18. cxd5 f6 19. Bg4 f5 20. exf5 gxf5 21. Bh3 Qf6
22. Qg5+ Kh8 23. Rce1 Rbe8 24. Rxe8 Rxe8 25. Bxf5 Qxg5 26. fxg5 Ne5 27. Ne4
Nxd5 28. Nxd6 Rf8 29. Re1 Nc4 30. Nxc4 Rxf5 31. Nd6 Rf4 32. Re5 Nb4 33. Nf5 Kg8
34. g3 Rf3 35. Kg2 Rb3 36. Re8+ Kf7 37. Nd6+ Kg7 38. Re7+ Kg6 39. h4 Rxb2+ 40.
Kh3 Nd3 41. Re6+ Kg7 42. Kg4 c4 43. Re7+ Kf8 44. Re8+ Kg7 45. h5 h6 46. Nf5+
Kf7 47. Re7+ Kf8 48. g6 c3 49. g7+ Kg8 50. Nxh6+ 1-0

[Event "NB I. Maroczy csoport"]
[Site "Budapest"]
[Date "2024.04.21"]
[Round "10.5"]
[White "Papp, Bence"]
[Black "Boguszlavszkij, Jevgenyij"]
[Result "1-0"]
[WhiteElo "2278"]
[BlackElo "2074"]
[PlyCount "123"]
[EventDate "2023.10.08"]
[EventType "team-tourn"]
[EventRounds "11"]
[EventCountry "HUN"]
[Source "chess.hu"]
[WhiteTeam "Maroczy SE I."]
[BlackTeam "Vasas SC"]
[WhiteTeamCountry "HUN"]
[BlackTeamCountry "HUN"]

1. e4 c6 2. d4 d5 3. e5 c5 4. dxc5 Nc6 5. Nf3 e6 6. a3 Bxc5 7. b4 Bb6 8. Bb2 a6
9. Bd3 Nge7 10. O-O Ng6 11. g3 Ba7 12. Nbd2 b5 13. h4 Bb7 14. Qe2 Qc7 15. Nb3
f5 16. Nbd4 Nxd4 17. Nxd4 Qf7 18. h5 Ne7 19. a4 bxa4 20. Bb5+ axb5 21. Qxb5+
Nc6 22. Nxc6 O-O 23. Nxa7 Rxa7 24. Bd4 Raa8 25. Bc5 Rfd8 26. Rxa4 Rxa4 27. Qxa4
d4 28. f3 Qxh5 29. Qb3 Bd5 30. Qd3 Qh3 31. Rf2 Qxg3+ 32. Kf1 Qxe5 33. Bxd4 Qc7
34. Bc5 Qf4 35. Qe3 Bc4+ 36. Kg2 Qh4 37. Rd2 Bd5 38. Rd4 f4 39. Rxf4 Qg5+ 40.
Kf2 Qh6 41. Kg3 Qg5+ 42. Kf2 Qh6 43. Kg3 Qg5+ 44. Rg4 Qxe3 45. Bxe3 Rf8 46. Rf4
e5 47. Rxf8+ Kxf8 48. f4 e4 49. f5 Ke7 50. Kf4 Bb7 51. Ke5 h5 52. c4 Kd7 53.
Bg5 Kc7 54. b5 Kb6 55. Kd4 Ka5 56. Bd8+ Kb4 57. Be7+ Ka5 58. Bf8 h4 59. Bxg7 h3
60. Be5 Bc8 61. Bc7+ Ka4 62. f6 1-0